000 00655cab a2200193 4500
001 WB2534-07
008 090401t1989 xxu||||| |||| 00| 0 eng d
035 _a(Sirsi) u30099
041 _aeng
245 _aHome ownership levels to stabilise
260 _c1989
350 _a0
490 _aFinancial Adviser
_vno 119, 31/8/89 p5
520 _aAccording to the latest issue of the Woolwich Equitable `s in-house magazine, the hitherto continual rise in owner occupation is unlikely to be maintained due to a boom in assured tenancies .
650 _aPRIVATE RENTED SECTOR
690 _aBlock management
_96220
942 _n0
948 _c04/03/1997
999 _c20269
_d20269